000
00324nam a2200133Ia 4500
100
_a
Mirolvubov/I.N
942
_c
BK
654
_a
Strength of Materials
245
_a
An aid to Solving Problems in Strength of Materials
260
_b
Mir Publishers
_a
Moscow
_c
1977
082
_a
620.1
300
_a
477
546
_a
ENGLISH
999
_c
20363
_d
20363